Gaseous halos of galaxies (Record no. 9288)
[ view plain ]
| 000 -LEADER | |
|---|---|
| fixed length control field | 00869nam a2200205Ia 4500 |
| 003 - CONTROL NUMBER IDENTIFIER | |
| control field | IN-BaIIA |
| 008 - FIXED-LENGTH DATA ELEMENTS--GENERAL INFORMATION | |
| fixed length control field | 211028s9999 xx 000 0 eng d |
| 040 ## - CATALOGING SOURCE | |
| Transcribing agency | IIA Library |
| 080 ## - UNIVERSAL DECIMAL CLASSIFICATION NUMBER | |
| Universal Decimal Classification number | 524.68(082.2) |
| Item number | GAS |
| 100 ## - MAIN ENTRY--PERSONAL NAME | |
| Personal name | Bregman, Joel N. |
| 9 (RLIN) | 15625 |
| 111 ## - MAIN ENTRY--MEETING NAME | |
| Meeting name or jurisdiction name as entry element | Workshop on Gaseous Halos of Galaxies |
| Location of meeting | Green Bank,West Virginia, USA |
| Date of meeting or treaty signing | 1985 May 30 - June 1 |
| 9 (RLIN) | 15626 |
| 245 #0 - TITLE STATEMENT | |
| Title | Gaseous halos of galaxies |
| Remainder of title | proceedings of the workshop on gaseous halos of galaxies, held in Green Bank,West Virginia, USA, 30 May-1 June 1985 |
| Statement of responsibility, etc. | Joel N.Bregman and Felix J. Lockman |
| 260 ## - PUBLICATION, DISTRIBUTION, ETC. | |
| Place of publication, distribution, etc. | West Virginia |
| Name of publisher, distributor, etc. | National Optical Astronomy Observatories |
| Date of publication, distribution, etc. | 1986 |
| 300 ## - PHYSICAL DESCRIPTION | |
| Extent | x, 284p. |
| 490 ## - SERIES STATEMENT | |
| Series statement | NRAO workshop no. 12 |
| 650 ## - SUBJECT ADDED ENTRY--TOPICAL TERM | |
| Topical term or geographic name entry element | Astronomy and astrophysics thesaurus |
| 650 ## - SUBJECT ADDED ENTRY--TOPICAL TERM | |
| Topical term or geographic name entry element | Galaxies |
| 9 (RLIN) | 1286 |
| 700 ## - ADDED ENTRY--PERSONAL NAME | |
| Personal name | Lockman, Felix J. |
| 9 (RLIN) | 15627 |
| 942 ## - ADDED ENTRY ELEMENTS (KOHA) | |
| Koha item type | Books |
| Withdrawn status | Lost status | Damaged status | Not for loan | Home library | Current library | Shelving location | Date acquired | Total Checkouts | Full call number | Barcode | Date last seen | Price effective from | Koha item type |
|---|---|---|---|---|---|---|---|---|---|---|---|---|---|
| IIA Library-Bangalore | IIA Library-Bangalore | General Stacks | 524.68(082.2)/ GAS | 10195 | 05/11/2021 | Books |